000 00603nam a2200217Ia 4500
005 20250508164644.0
008 008 250505s9999 xx 000 0 eng d
020 _a978-0-7619-3611-4
037 _aTextBook
040 _aFEDL
_beng
_cFEDL
041 _aeng
_2eng
084 _a371.9, KAP/R
_qFEDL
100 _akapur Malavika
245 0 _aLearning from children: What to teach them
260 _aNew Delhi, India
_bSage Publications
_c2007
300 _a197p.
365 _aINR
_b395
650 _aSpecial education
942 _cTB
_h371.9, KAP/R
999 _c1390390
_d1390390